<?xml version="1.0" encoding="UTF-8"?>
<collection xmlns="http://www.loc.gov/MARC21/slim">
 <record>
  <leader>01719nam a2200241 a 4500</leader>
  <controlfield tag="001">1/29857</controlfield>
  <controlfield tag="008">060324s2003    gr       b    00110 gre d</controlfield>
  <datafield tag="020" ind1=" " ind2=" ">
   <subfield code="a">960873956X</subfield>
  </datafield>
  <datafield tag="035" ind1=" " ind2=" ">
   <subfield code="l">31968</subfield>
  </datafield>
  <datafield tag="040" ind1=" " ind2=" ">
   <subfield code="a">GR-PeUP</subfield>
  </datafield>
  <datafield tag="082" ind1="0" ind2="0">
   <subfield code="a">362.22 ΣΧΕ</subfield>
  </datafield>
  <datafield tag="245" ind1="0" ind2="0">
   <subfield code="a">Σχεδιασμός και προυπολογισμός για την παροχή υπηρεσιών ψυχικής υγείας /</subfield>
   <subfield code="c">Υπουργείο Υγείας και Κοινωνικής Αλληλεγγύης, Διεύθυνση Ψυχικής Υγείας ;επιμέλεια ελληνικής έκδοσης Βαγγέλης Ζαχαριάς ;μετ. Γιώργος Πασαντωνόπουλος</subfield>
  </datafield>
  <datafield tag="260" ind1="0" ind2=" ">
   <subfield code="a">Αθήνα :</subfield>
   <subfield code="b">Υπουργείο Υγείας και Κοινωνικής Αλληλεγγύης, Διεύθυνση Ψυχικής Υγείας,</subfield>
   <subfield code="c">2005</subfield>
  </datafield>
  <datafield tag="300" ind1=" " ind2=" ">
   <subfield code="a">132 σ. ;</subfield>
   <subfield code="c">28 εκ.</subfield>
  </datafield>
  <datafield tag="500" ind1=" " ind2=" ">
   <subfield code="a">Πακέτο οδηγιών για την Πολιτική και τις Υπηρεσίες Ψυχικής Υγείας</subfield>
  </datafield>
  <datafield tag="504" ind1=" " ind2=" ">
   <subfield code="a">Περιέχει βιβλιογραφία και γλωσσάριο</subfield>
  </datafield>
  <datafield tag="650" ind1=" " ind2="4">
   <subfield code="a">Ψυχική Υγεία.</subfield>
  </datafield>
  <datafield tag="650" ind1=" " ind2="4">
   <subfield code="a">Ψυχική υγεία, Υπηρεσίες της.</subfield>
  </datafield>
  <datafield tag="650" ind1=" " ind2="4">
   <subfield code="a">Ψυχιατρικές κλινικές</subfield>
   <subfield code="x">Διοίκηση.</subfield>
  </datafield>
  <datafield tag="700" ind1="1" ind2=" ">
   <subfield code="a">Ζαχαριάς, Βαγγέλης.</subfield>
  </datafield>
  <datafield tag="700" ind1="1" ind2=" ">
   <subfield code="a">Πασαντωνόπουλος, Γιώργος.</subfield>
  </datafield>
  <datafield tag="710" ind1="2" ind2=" ">
   <subfield code="a">Ελλάδα. Υπουργείο Υγείας και Κοινωνικής Αλληλεγγύης. Διεύθυνση Ψυχικής Υγείας.</subfield>
  </datafield>
  <datafield tag="852" ind1=" " ind2=" ">
   <subfield code="a">INST</subfield>
   <subfield code="b">UNIPILB</subfield>
   <subfield code="c">MAIN</subfield>
   <subfield code="e">20060324</subfield>
   <subfield code="h">362.22 ΣΧΕ</subfield>
   <subfield code="p">00149816</subfield>
   <subfield code="q">00149816</subfield>
   <subfield code="t">LOAN</subfield>
   <subfield code="y">0</subfield>
   <subfield code="4">1</subfield>
  </datafield>
 </record>
</collection>
